LEADER 02634nam0 2200469 450 001 000020312 005 20070919115245.0 010 $a3-11-014483-2$bVol. 1. 010 $a3-11-015762-4$bVol. 2. 010 $a3-11-016843-X$bVol. 3. 010 $a3-11-018135-5$bVol. 4. 100 $a20070828d--------km-y0itaa50------ba 101 0 $ager$agrc 102 $aDE 200 1 $a<> älteren griechischen Katenen zum Buch Hiob$fherausgegeben von Ursula und Dieter Hagedorn 210 $aBerlin ; New York$c<> de Gruyter 215 $av.$d24 cm 225 2 $aPatristische texte und studien$v40, 48, 53, 59 327 1 $aVol. 1.: Einleitung, prologe und epiloge, fragmente zu Hiob 1,1-8,22. - c1994. - XV, 457 p.$aVol. 2.: Fragmente zu Hiob 9,1-22,30. - c1997. - VIII, 395 p.$aVol. 3.: Fragmente zu Hiob 23,1-42,17. - c2000. - VIII, 415 p.$aVol. 4.: Register, Nachträge und Anhänge. - c2004. - 361 p. 410 1$12001$aPatristische texte und studien$v40, 48, 53, 59 559 1 $aEinleitung, prologe und epiloge, fragmente zu Hiob 1,1-8,22 559 1 $aFragmente zu Hiob 9,1-22,30 559 1 $aFragmente zu Hiob 23,1-42,17 559 1 $aRegister, Nachträge und Anhänge 606 1 $aBibbia. Vecchio Testamento$xLibri sapienziali$xGiobbe 676 $a223.1$v(21. ed.)$9Libri sapienziali dell'Antico Testamento. Giobbe 702 1$aHagedorn,$bUrsula 702 1$aHagedorn,$bDieter 801 0$aIT$bUniversità della Basilicata - B.I.A.$gRICA$2unimarc 912 $a000020312 996 $a?lteren griechischen Katenen zum Buch Hiob$986131 997 $aUNIBAS BAS $aLETTERE CAT $aSTD050$b01$c20070828$lBAS01$h1600 CAT $aTTM$b30$c20070829$lBAS01$h1255 CAT $aTTM$b30$c20070903$lBAS01$h0905 CAT $aTTM$b30$c20070919$lBAS01$h1152 FMT Z30 -1$lBAS01$LBAS01$mBOOK$1BASA1$APolo Storico-Umanistico$2DSLF$BCollezione DiSLF$3DF/6978$66978$5F6978$820070828$eXV, 457$f04$FPrestabile Didattica$hVol. 1.: Einleitung, prologe und epiloge, fragmente zu Hiob 1,1-8,22 Z30 -1$lBAS01$LBAS01$mBOOK$1BASA1$APolo Storico-Umanistico$2DSLF$BCollezione DiSLF$3DF/6979$66979$5F6979$820070828$eVIII, 395$f04$FPrestabile Didattica$hVol. 2.: Fragmente zu Hiob 9,1-22,30 Z30 -1$lBAS01$LBAS01$mBOOK$1BASA1$APolo Storico-Umanistico$2DSLF$BCollezione DiSLF$3DF/6980$66980$5F6980$820070828$eVIII, 415$f04$FPrestabile Didattica$hVol. 3.: Fragmente zu Hiob 23,1-42,17 Z30 -1$lBAS01$LBAS01$mBOOK$1BASA1$APolo Storico-Umanistico$2DSLF$BCollezione DiSLF$3DF/6981$66981$5F6981$820070828$e361$f04$FPrestabile Didattica$hVol. 4.: Register, Nachträge und Anhänge LEADER 01608nam 2200481 450 001 9910809274903321 005 20230803044118.0 010 $a88-921-5002-2 035 $a(CKB)5120000000186336 035 $a(MiAaPQ)EBC2097361 035 $a(Au-PeEL)EBL2097361 035 $a(CaPaEBR)ebr11079241 035 $a(OCoLC)914433552 035 $a(EXLCZ)995120000000186336 100 $a20150803h20132013 uy 0 101 0 $aita 135 $aurcnu|||||||| 181 $2rdacontent 182 $2rdamedia 183 $2rdacarrier 200 12$aL'attivita? medica di e?quipe tra affidamento ed obblighi di controllo reciproco $el'obbligo di vigilare come regola cautelare /$fLucia Risicato 210 1$aTurin, [Italy] :$cG. Giappichelli Editore,$d2013. 210 4$d©2013 215 $a1 online resource (113 pages) 225 1 $aItinerari di Diritto Penale ;$v18 311 $a88-348-0993-9 320 $aIncludes bibliographical references and index. 410 0$aItinerari di diritto penale ;$v18. 606 $aHealth services administration$zItaly 606 $aLegislation, Medical$zItaly 606 $aMedical laws and legislation$zItaly 615 0$aHealth services administration 615 0$aLegislation, Medical 615 0$aMedical laws and legislation 676 $a362.10945 700 $aRisicato$b Lucia$0268008 801 0$bMiAaPQ 801 1$bMiAaPQ 801 2$bMiAaPQ 906 $aBOOK 912 $a9910809274903321 996 $aL'attivita? medica di e?quipe tra affidamento ed obblighi di controllo reciproco$93991369 997 $aUNINA